Normal view
MARC view
- الثورة العربية الكبرى-الخسين بن علي -تاريخ
Entry Topical Term
001 - CONTROL NUMBER
- control field: 18493
003 - CONTROL NUMBER IDENTIFIER
- control field: JO-AjAnu
005 - DATE AND TIME OF LATEST TRANSACTION
- control field: 20230606073239.0
008 - FIXED-LENGTH DATA ELEMENTS
- fixed length control field: 230606|| aca||aabn | a|a d
040 ## - CATALOGING SOURCE
- Original cataloging agency: JO-AjAnu
- Transcribing agency: JO-AjAnu
150 ## - HEADING--TOPICAL TERM
- Topical term or geographic name entry element: الثورة العربية الكبرى-الخسين بن علي -تاريخ
670 ## - SOURCE DATA FOUND
- Source citation: Work cat.: (JO-AjAnu)9492: الريماوي، سهيلة, author 18492, الاتجاهات الفكرية للثورة العربية الكبرى من خلال جريدة القبلة